[Event "17th Capablanca Memorial"]
[Site "Cienfuegos CUB"]
[Date "1981.06.05"]
[Round "11"]
[White "Fernandez Gonzalez, Juan Carlos"]
[Black "Hernandez Onna, Roman"]
[Result "1/2-1/2"]
[WhiteElo "2440"]
[BlackElo "2390"]
[EventDate "1981.05.22"]
[PlyCount "69"]

1.d4 Nf6 2.c4 e6 3.Nc3 Bb4 4.e3 O-O 5.Ne2 c5 6.a3 cxd4 7.exd4 Be7 8.d5 
exd5 9.cxd5 Re8 10.h3 Bc5 11.b4 Bf8 12.g4 d6 13.Bg2 g6 14.Bg5 Bg7 15.Qd2 
Nbd7 16.O-O Ne5 17.Ng3 Bd7 18.Qf4 Nd3 19.Qd4 h6 20.Bxh6 Bxh6 21.Qxd3 Rc8 
22.Nce4 Nxe4 23.Nxe4 Bf4 24.Qf3 Be5 25.Rac1 Qh4 26.Rfe1 f5 27.gxf5 Bxf5 
28.Qe3 Rxc1 29.Qxc1 Bxh3 30.Qg5 Qxg5 31.Nxg5 Bd7 32.Be4 Kg7 33.Ne6+ Bxe6 
34.dxe6 Rxe6 35.Bxb7 1/2-1/2

[Event "17th Capablanca Memorial"]
[Site "Cienfuegos CUB"]
[Date "1981.06.05"]
[Round "11"]
[White "Garcia Martinez, Silvino"]
[Black "Garcia Gonzales, Guillermo"]
[Result "0-1"]
[WhiteElo "2435"]
[BlackElo "2520"]
[EventDate "1981.05.22"]
[PlyCount "81"]

1.e4 e6 2.d4 d5 3.Nd2 c5 4.exd5 exd5 5.Bb5+ Nc6 6.Ngf3 Bd6 7.dxc5 Bxc5 8.
O-O Ne7 9.Nb3 Bd6 10.Bg5 O-O 11.c3 Bg4 12.Be2 Qc7 13.h3 Bd7 14.Nbd4 a6 15.
Bd3 h6 16.Be3 Na5 17.Qc1 f5 18.Qd1 f4 19.Bc1 Rf6 20.Bc2 Re8 21.Nh2 Bc5 22.
Ndf3 Nc4 23.Re1 Rff8 24.b3 Nd6 25.Bb2 Bc6 26.Nd4 Ne4 27.Nhf3 Nf5 28.Rc1 
Nxd4 29.cxd4 Bb4 30.Re2 Qd6 31.Bd3 Bd7 32.Rec2 Ba5 33.Be2 Bb6 34.Bd3 Bb5 
35.Bxb5 axb5 36.a3 b4 37.a4 Qd8 38.Qd3 Ng5 39.Ne5 f3 40.Rc8 Nxh3+ 41.Kh2 
0-1

[Event "17th Capablanca Memorial"]
[Site "Cienfuegos CUB"]
[Date "1981.06.05"]
[Round "11"]
[White "Mikhalchishin, Adrian"]
[Black "Tseshkovsky, Vitaly"]
[Result "1-0"]
[WhiteElo "2535"]
[BlackElo "2530"]
[EventDate "1981.05.22"]
[PlyCount "71"]

1.d4 Nf6 2.c4 g6 3.Nf3 Bg7 4.Nc3 d6 5.e4 O-O 6.Be2 e5 7.O-O Nc6 8.d5 Ne7 
9.Nd2 Ne8 10.b4 f5 11.c5 h6 12.Ba3 Kh8 13.b5 Ng8 14.Nc4 Ngf6 15.exf5 gxf5 
16.Qd2 Rg8 17.cxd6 cxd6 18.f4 e4 19.Kh1 Kh7 20.Rac1 Bh8 21.Bb4 Rg6 22.a4 
h5 23.Nd1 Rh6 24.Nf2 h4 25.Ne3 Kg6 26.Nh3 Nh7 27.Rg1 Kf7 28.g4 hxg3 29.
Rxg3 Bf6 30.Rcg1 Bh4 31.R3g2 Nef6 32.Ng5+ Ke7 33.Nc4 Ne8 34.Nxh7 Rxh7 35.
Rg8 Qc7 36.Nxd6 1-0

[Event "17th Capablanca Memorial"]
[Site "Cienfuegos CUB"]
[Date "1981.06.05"]
[Round "11"]
[White "Zapata Ramirez, Alonso"]
[Black "Boensch, Uwe"]
[Result "1-0"]
[WhiteElo "2420"]
[BlackElo "2455"]
[EventDate "1981.05.22"]
[PlyCount "167"]

1.e4 c5 2.Nf3 e6 3.d4 cxd4 4.Nxd4 Nf6 5.Nc3 d6 6.g3 Nc6 7.Bg2 Bd7 8.O-O 
Be7 9.Ndb5 Qb8 10.a4 O-O 11.Qe2 Rc8 12.Rd1 a6 13.Na3 Na5 14.Be3 Qc7 15.f4 
e5 16.Rd3 Be6 17.f5 Bc4 18.Nxc4 Nxc4 19.Bc1 b5 20.g4 b4 21.Nd1 h6 22.g5 
hxg5 23.Bxg5 Nd5 24.exd5 Bxg5 25.Be4 Kf8 26.Rg3 Bf6 27.Kh1 Qc5 28.b3 Nb6 
29.c4 Nd7 30.Nb2 a5 31.Nd3 Qa7 32.Rag1 Ke7 33.Qe3 Qxe3 34.Rxe3 Rab8 35.Rh3
Rh8 36.Rgg3 Rxh3 37.Rxh3 Bg5 38.Kg2 Bd2 39.Kf3 Bc3 40.Nc1 Nc5 41.Bc2 Bd2 
42.Ne2 e4+ 43.Kf2 Kf6 44.Nd4 Re8 45.Ke2 Bf4 46.Rh5 g6 47.fxg6 Kxg6 48.Rh3 
f5 49.Nc6 Kg5 50.Nxa5 Kg4 51.Rh7 Be5 52.Nc6 Bc3 53.Bd1 f4 54.Rh6 f3+ 55.
Ke3 Bd2+ 56.Kxd2 e3+ 57.Kc2 e2 58.Rg6+ Kh5 59.Rg1 f2 60.Rf1 Kh4 61.Bxe2 
Rxe2+ 62.Kd1 Ra2 63.Nxb4 Rb2 64.Nc2 Ne4 65.c5 dxc5 66.d6 Rxb3 67.Ke2 c4 
68.a5 Rb2 69.d7 Rxc2+ 70.Ke3 Rd2 71.Rxf2 Rxd7 72.Kxe4 c3 73.Rf4+ Kg5 74.
Rf5+ Kg6 75.Rc5 Rd2 76.Rxc3 Ra2 77.Rc5 Rxh2 78.Kd5 Kf6 79.Kc6 Ke6 80.a6 
Ra2 81.Kb6 Kd6 82.Rb5 Rh2 83.a7 Rh8 84.Ra5 1-0

[Event "17th Capablanca Memorial"]
[Site "Cienfuegos CUB"]
[Date "1981.06.06"]
[Round "12"]
[White "Boensch, Uwe"]
[Black "Chernin, Alexander"]
[Result "1/2-1/2"]
[WhiteElo "2455"]
[BlackElo "2470"]
[EventDate "1981.05.22"]
[PlyCount "69"]

1.Nf3 d5 2.b3 c6 3.Bb2 Bg4 4.e3 Nd7 5.Be2 e6 6.O-O Ngf6 7.d4 Bd6 8.Ne5 
Bxe2 9.Qxe2 Qc7 10.f4 Ne4 11.c4 O-O 12.Nxd7 Qxd7 13.Nc3 f5 14.a4 Qe7 15.
Nxe4 fxe4 16.Bc3 Rf5 17.a5 a6 18.c5 Bc7 19.g4 Rf7 20.g5 Rf5 21.b4 Raf8 22.
h4 Qf7 23.Qg4 Bd8 24.Rf2 h6 25.Rg2 hxg5 26.hxg5 Qg6 27.Qh4 Kf7 28.Kf2 Ke8 
29.Ke2 Qf7 30.Rd1 Kd7 31.Qh2 Kc8 32.g6 Qe8 33.Rh1 Rg8 34.Be1 Rff8 35.Qg3 
1/2-1/2

[Event "17th Capablanca Memorial"]
[Site "Cienfuegos CUB"]
[Date "1981.06.06"]
[Round "12"]
[White "Fernandez Gonzalez, Juan Carlos"]
[Black "Zapata Ramirez, Alonso"]
[Result "1/2-1/2"]
[WhiteElo "2440"]
[BlackElo "2420"]
[EventDate "1981.05.22"]
[PlyCount "61"]

1.d4 b5 2.e4 Bb7 3.Bxb5 Bxe4 4.Nf3 Nf6 5.O-O e6 6.b3 Be7 7.Bb2 O-O 8.Nbd2 
Bb7 9.Bd3 a5 10.a3 c5 11.dxc5 Na6 12.Ng5 h6 13.Nge4 Nxe4 14.Nxe4 f5 15.Nd6
Nxc5 16.Nxb7 Nxb7 17.c4 Qb6 18.Rb1 Bf6 19.b4 axb4 20.axb4 d6 21.Be2 Nd8 
22.Bf3 Rc8 23.c5 dxc5 24.bxc5 Qxc5 25.Rc1 Bxb2 26.Rxc5 Rxc5 27.Qd6 Rc2 28.
Qd3 Rc7 29.Bd1 Bf6 30.Bb3 Rc3 31.Qb1 1/2-1/2

[Event "17th Capablanca Memorial"]
[Site "Cienfuegos CUB"]
[Date "1981.06.06"]
[Round "12"]
[White "Hernandez Onna, Roman"]
[Black "Garcia Gonzales, Guillermo"]
[Result "1/2-1/2"]
[WhiteElo "2390"]
[BlackElo "2520"]
[EventDate "1981.05.22"]
[PlyCount "30"]

1.c4 Nf6 2.d4 e6 3.Nf3 b6 4.g3 Bb7 5.Bg2 Bb4+ 6.Bd2 Be7 7.O-O O-O 8.Bg5 d6
9.Nc3 Ne4 10.Bxe7 Qxe7 11.Rc1 c5 12.Qc2 Nxc3 13.Qxc3 Nd7 14.Rfe1 Nf6 15.
dxc5 bxc5 1/2-1/2

[Event "17th Capablanca Memorial"]
[Site "Cienfuegos CUB"]
[Date "1981.06.06"]
[Round "12"]
[White "Nogueiras Santiago, Jesus"]
[Black "Mikhalchishin, Adrian"]
[Result "1/2-1/2"]
[WhiteElo "2455"]
[BlackElo "2535"]
[EventDate "1981.05.22"]
[PlyCount "23"]

1.d4 Nf6 2.c4 g6 3.Nc3 d5 4.e3 Bg7 5.cxd5 Nxd5 6.Bc4 Nxc3 7.bxc3 c5 8.Ne2 
O-O 9.O-O Qc7 10.Bb3 Nc6 11.Ba3 b6 12.Rc1 1/2-1/2

[Event "17th Capablanca Memorial"]
[Site "Cienfuegos CUB"]
[Date "1981.06.06"]
[Round "12"]
[White "Tseshkovsky, Vitaly"]
[Black "Barczay, Laszlo"]
[Result "1-0"]
[WhiteElo "2530"]
[BlackElo "2410"]
[EventDate "1981.05.22"]
[PlyCount "55"]

1.e4 c5 2.Nf3 Nc6 3.d4 cxd4 4.Nxd4 Nf6 5.Nc3 d6 6.Bg5 Bd7 7.Qd2 e6 8.Ndb5 
Qa5 9.O-O-O a6 10.Nxd6+ Bxd6 11.Bxf6 gxf6 12.Qxd6 O-O-O 13.g3 Qg5+ 14.Qd2 
Be8 15.Bd3 Qxd2+ 16.Rxd2 Kc7 17.Be2 Rxd2 18.Kxd2 h5 19.h4 Kd6 20.Ke3 Ke7 
21.Rd1 b5 22.f4 Bd7 23.Rd2 Na5 24.b3 Nb7 25.Bf3 Nd6 26.e5 Nf5+ 27.Kf2 fxe5
28.fxe5 1-0

[Event "17th Capablanca Memorial"]
[Site "Cienfuegos CUB"]
[Date "1981.06.06"]
[Round "12"]
[White "Vilela de Acuna, Jose Luis"]
[Black "Garcia Martinez, Silvino"]
[Result "1/2-1/2"]
[WhiteElo "2430"]
[BlackElo "2435"]
[EventDate "1981.05.22"]
[PlyCount "49"]

1.c4 Nf6 2.Nc3 e6 3.Nf3 Bb4 4.Qc2 O-O 5.a3 Bxc3 6.Qxc3 d6 7.g3 b6 8.Bg2 
Bb7 9.b4 Nbd7 10.Bb2 e5 11.O-O Nh5 12.d3 f5 13.Nxe5 Bxg2 14.Nxd7 Bxf1 15.
Nxf8 Bxe2 16.Ne6 Qd7 17.Nd4 Bg4 18.f3 Bh3 19.Kf2 c5 20.Ne2 Re8 21.Re1 f4 
22.Nxf4 Rxe1 23.Kxe1 Nxf4 24.gxf4 Qf7 25.Kf2 1/2-1/2

[Event "17th Capablanca Memorial"]
[Site "Cienfuegos CUB"]
[Date "1981.06.09"]
[Round "13"]
[White "Andres Mendez, Miguel"]
[Black "Boensch, Uwe"]
[Result "1/2-1/2"]
[WhiteElo "2370"]
[BlackElo "2455"]
[EventDate "1981.05.22"]
[PlyCount "82"]

1.e4 c5 2.Nf3 d6 3.d4 cxd4 4.Qxd4 Nc6 5.Bb5 Qd7 6.Qd3 a6 7.Bxc6 Qxc6 8.O-O
e6 9.a4 Nf6 10.Nc3 Be7 11.Bf4 e5 12.Bg5 Be6 13.Rfd1 Rd8 14.Bxf6 Bxf6 15.
Nd5 Rd7 16.c4 Bd8 17.a5 O-O 18.b4 f5 19.Nd2 Bg5 20.exf5 Bxf5 21.Ne4 Rdf7 
22.f3 h6 23.Ra2 Kh8 24.Qe2 Bd8 25.b5 Qd7 26.Ndc3 Bc7 27.b6 Bb8 28.Rad2 Qc6
29.Nxd6 Qc5+ 30.Kh1 Bxd6 31.Rxd6 Qxa5 32.Ne4 Qb4 33.Ng3 Bh7 34.Qxe5 Qxc4 
35.Rxh6 Qf4 36.Qxf4 Rxf4 37.Rhd6 Rb4 38.Ne4 Bxe4 39.fxe4 Re8 40.h3 Rexe4 
41.Rc1 Rec4 1/2-1/2

[Event "17th Capablanca Memorial"]
[Site "Cienfuegos CUB"]
[Date "1981.06.09"]
[Round "13"]
[White "Barczay, Laszlo"]
[Black "Nogueiras Santiago, Jesus"]
[Result "1/2-1/2"]
[WhiteElo "2410"]
[BlackElo "2455"]
[EventDate "1981.05.22"]
[PlyCount "80"]

1.d4 d5 2.c4 c6 3.Nf3 Nf6 4.Nc3 e6 5.Qb3 Be7 6.g3 b6 7.Bg2 O-O 8.O-O Ba6 
9.cxd5 cxd5 10.Ne5 Nfd7 11.Nxd5 exd5 12.Nxf7 Rxf7 13.Bxd5 Nf6 14.Bxf7+ Kh8
15.Qf3 Nbd7 16.Bb3 Rb8 17.Bf4 Bb7 18.Qd3 Ra8 19.Rac1 Nf8 20.Rfd1 Ng6 21.
Bg5 Ne4 22.Bxe7 Qxe7 23.Qe3 Qd7 24.f3 Nd6 25.Qe6 Qd8 26.Bd5 Bc8 27.Qe3 Rb8
28.Be6 Qe7 29.d5 Ba6 30.Rc2 Rd8 31.Rdc1 Qf6 32.b3 h6 33.Rc7 Nb5 34.R7c4 
Ne7 35.a4 Nd6 36.Rf4 Qg5 37.Kf2 Re8 38.h4 Qg6 39.Rg4 Qf6 40.Qc3 Nxd5 
1/2-1/2

[Event "17th Capablanca Memorial"]
[Site "Cienfuegos CUB"]
[Date "1981.06.09"]
[Round "13"]
[White "Chernin, Alexander"]
[Black "Fernandez Gonzalez, Juan Carlos"]
[Result "1-0"]
[WhiteElo "2470"]
[BlackElo "2440"]
[EventDate "1981.05.22"]
[PlyCount "84"]

1.d4 Nf6 2.c4 g6 3.Nc3 Bg7 4.e4 d6 5.h3 O-O 6.Be3 e5 7.d5 Ne8 8.g4 f5 9.
gxf5 gxf5 10.exf5 Bxf5 11.Nge2 Qh4 12.Ng3 Bg6 13.Qg4 Qxg4 14.hxg4 Na6 15.
O-O-O Nf6 16.Rh4 Rae8 17.Bd3 e4 18.Bb1 Nc5 19.g5 Nfd7 20.Ncxe4 Nxe4 21.
Bxe4 Ne5 22.Bxg6 hxg6 23.Kc2 Nf3 24.Re4 Be5 25.Ne2 Rf5 26.Ng1 Ref8 27.Nxf3
Rxf3 28.Rd3 b6 29.b4 Bf4 30.Re6 Bxe3 31.fxe3 Rf2+ 32.Kb3 Kg7 33.c5 bxc5 
34.bxc5 Rb8+ 35.Kc4 Rxa2 36.cxd6 cxd6 37.Rxd6 Ra4+ 38.Kc5 Kf7 39.Rf6+ Kg7 
40.Rc6 a6 41.Rc7+ Kf8 42.Rd4 Ra1 1-0

[Event "17th Capablanca Memorial"]
[Site "Cienfuegos CUB"]
[Date "1981.06.09"]
[Round "13"]
[White "Garcia Gonzales, Guillermo"]
[Black "Vilela de Acuna, Jose Luis"]
[Result "1/2-1/2"]
[WhiteElo "2520"]
[BlackElo "2430"]
[EventDate "1981.05.22"]
[PlyCount "26"]

1.d4 Nf6 2.c4 e6 3.Nf3 b6 4.g3 Bb7 5.Bg2 Be7 6.O-O O-O 7.Nc3 Ne4 8.Qc2 
Nxc3 9.Qxc3 c5 10.Rd1 Bf6 11.Qa3 cxd4 12.Nxd4 Bxg2 13.Kxg2 Qc8 1/2-1/2

[Event "17th Capablanca Memorial"]
[Site "Cienfuegos CUB"]
[Date "1981.06.09"]
[Round "13"]
[White "Garcia Martinez, Silvino"]
[Black "Tseshkovsky, Vitaly"]
[Result "0-1"]
[WhiteElo "2435"]
[BlackElo "2530"]
[EventDate "1981.05.22"]
[PlyCount "114"]

1.e4 e5 2.Nf3 Nc6 3.Bb5 a6 4.Ba4 Nf6 5.O-O Be7 6.Re1 b5 7.Bb3 O-O 8.Nc3 d6
9.Nd5 Na5 10.Nxe7+ Qxe7 11.d4 Bg4 12.dxe5 dxe5 13.h3 Rfd8 14.Qe2 Bxf3 15.
Qxf3 c5 16.Bd5 Nxd5 17.exd5 f6 18.b3 Qf7 19.Bd2 b4 20.c4 bxc3 21.Bxc3 Nb7 
22.Red1 Rd7 23.Rac1 Rad8 24.Qe2 Rxd5 25.Rxd5 Qxd5 26.Qxa6 Nd6 27.Ba5 Ra8 
28.Rxc5 Qd1+ 29.Qf1 Qxf1+ 30.Kxf1 Nb7 31.Rc7 Nxa5 32.b4 Ra6 33.bxa5 Rxa5 
34.Rc2 Kf7 35.h4 h5 36.g3 Ke6 37.Kg2 Kf5 38.Rb2 Ra3 39.Rc2 g6 40.Rb2 g5 
41.hxg5 Kxg5 42.Rc2 e4 43.Rc5+ f5 44.Rc2 h4 45.gxh4+ Kxh4 46.Rb2 Kg4 47.
Rc2 f4 48.Rc4 Kf5 49.Rc2 Ra8 50.Rc5+ Ke6 51.Rc2 Ke5 52.Rb2 f3+ 53.Kg1 Kf4 
54.Rc2 Rg8+ 55.Kf1 Rb8 56.Kg1 Rb1+ 57.Kh2 e3 0-1

[Event "17th Capablanca Memorial"]
[Site "Cienfuegos CUB"]
[Date "1981.06.09"]
[Round "13"]
[White "Mikhalchishin, Adrian"]
[Black "Vera Gonzalez, Reynaldo"]
[Result "1-0"]
[WhiteElo "2535"]
[BlackElo "2455"]
[EventDate "1981.05.22"]
[PlyCount "65"]

1.d4 d5 2.c4 dxc4 3.Nf3 Nf6 4.e3 Bg4 5.Bxc4 e6 6.O-O Nbd7 7.h3 Bh5 8.Nc3 
Bd6 9.e4 e5 10.Be2 O-O 11.Bg5 Bxf3 12.Bxf3 exd4 13.Qxd4 Ne5 14.Rad1 h6 15.
Be3 Qe7 16.Be2 Rfe8 17.Nd5 Nxd5 18.Qxd5 Nc6 19.Bc4 Rad8 20.Qf5 Be5 21.b3 
Qf6 22.Qxf6 Bxf6 23.Bd5 Nb4 24.Bxb7 c6 25.Rxd8 Rxd8 26.Rc1 Rb8 27.Bxc6 
Nxa2 28.Rc5 Rxb3 29.Bd5 Rb1+ 30.Kh2 Nc3 31.Rc8+ Kh7 32.Bxf7 Nxe4 33.Bc4 
1-0